[Event "FRA-ch Veterans"]
[Site "Aix les Bains"]
[Date "2003.08.28"]
[Round "9"]
[White "Weill, Roland"]
[Black "Dufour, Jean"]
[Result "1-0"]
[WhiteElo "2196"]
[BlackElo "1920"]
[PlyCount "39"]
[EventDate "2003.08.19"]
[EventType "swiss"]
[EventRounds "9"]
[EventCountry "FRA"]
[SourceTitle "EXT 2004"]
[Source "ChessBase"]
[SourceDate "2003.11.25"]
[SourceVersion "1"]
[SourceVersionDate "2003.11.25"]
[SourceQuality "1"]

1. e4 e5 2. Nf3 Nc6 3. Bb5 a6 4. Ba4 Nf6 5. Qe2 b5 6. Bb3 Be7 7. c3 d6 8. 0-0 Be6 9. d4 Na5 10. Re1 Bxb3 11. axb3 Nxb3 12. Rxa6 Rxa6 13. Qxb5+ Qd7 14. Qxa6 Nxc1 15. Rxc1 exd4 16. e5 dxe5 17. Nxe5 Qd5 18. Qc8+ Qd8 19. Qxd8+ Kxd8 20. Nxf7+ 1-0

[Event "FRA-ch Veterans"]
[Site "Aix les Bains"]
[Date "2003.08.24"]
[Round "6"]
[White "Lahuppe, Edmond"]
[Black "Dufour, Jean"]
[Result "0-1"]
[WhiteElo "1760"]
[BlackElo "1920"]
[PlyCount "54"]
[EventDate "2003.08.19"]
[EventType "swiss"]
[EventRounds "9"]
[EventCountry "FRA"]
[SourceTitle "EXT 2004"]
[Source "ChessBase"]
[SourceDate "2003.11.25"]
[SourceVersion "1"]
[SourceVersionDate "2003.11.25"]
[SourceQuality "1"]

1. Nf3 Nc6 2. d4 d6 3. e4 Bg4 4. Be2 e5 5. d5 Bxf3 6. Bxf3 Nd4 7. 0-0 Nxf3+ 8. Qxf3 Nf6 9. c4 Be7 10. Nc3 0-0 11. b4 Rc8 12. Bg5 Nd7 13. Be3 a6 14. Rfc1 Bg5 15. Nd1 c6 16. Bxg5 Qxg5 17. Ne3 g6 18. Qh3 Nf6 19. Qf3 Qf4 20. dxc6 Rxc6 21. Nd5 Nxd5 22. exd5 Rxc4 23. Qxf4 Rxf4 24. a3 Rd4 25. Rd1 Rxd1+ 26. Rxd1 Rc8 27. f3 Rc3 0-1